| 000 | 00784nam a2200253 i 4500 | ||
|---|---|---|---|
| 001 | 17108 | ||
| 003 | ES-MaACL | ||
| 005 | 20250929063049.0 | ||
| 007 | t| | ||
| 008 | 001220s1997 sp ||||1| spa d | ||
| 020 | _a84-339-0543-0 | ||
| 080 | _a316 | ||
| 100 | 1 |
_aBourdieu, Pierre, _d1930-2002 _930964 |
|
| 245 | 1 | 0 |
_aRazones prácticas _b: sobre la teoría de la acción / _cPierre Bourdieu ; traducción de Thomas Kauf. |
| 250 | _a2ª ed. | ||
| 260 |
_aBarcelona : _bAnagrama, _c[1999] |
||
| 300 |
_a232 p. ; _c22 cm. |
||
| 490 | 1 |
_aColección Argumentos ; _v193 |
|
| 650 | 7 |
_aSociología _2embne _917195 |
|
| 700 | 1 |
_aKauf, Thomas. _967639 |
|
| 830 | 0 |
_aColección Argumentos ; _v193 _9178071 |
|
| 852 |
_aES-MaACL _jL-23961 _bR.129128 |
||
| 999 |
_c17108 _d17108 |
||